| 000 | 00502nam a22001817a 4500 | ||
|---|---|---|---|
| 003 | CEME | ||
| 005 | 20210628203543.0 | ||
| 008 | 210119b xxu||||| |||| 00| 0 eng d | ||
| 020 | _a9780070078086 | ||
| 040 | _c. | ||
| 082 | _a658 BAT | ||
| 100 |
_aBateman, Thomas.S, Sneel, Scott A _966212 |
||
| 245 | _aManagement, leading and collaborating in the competitive world | ||
| 260 |
_aINDIA _bTATA MCGRAW _c2009 |
||
| 300 | _aXXXVI,835P | ||
| 650 |
_aMANAGEMENT TECHNIQUES. _958073 |
||
| 942 |
_cBK _2ddc |
||
| 999 |
_c574211 _d574211 |
||